1487 1451 1436 1480 1904 1997 1691 1156 1313 1619 1529 1517 1785 1540 1664 1005 1993 1348 1262 1983 1089 1305 1848 1629 1363 1490 1715 1802 1067 1176 1644 1883 1639 1064 1059 1067 1025 1930 1836 1034 1806 1091 1533 1020 1234 1331 1378 1514 1445 1919 1626 1653 1359 1525 1141 1393 1084 1468 1377 1216 1685 1489 1763 1080 1582 1713 1986 1861 1949 1538 1945 1036 1415 1646 1993 1403 1411 1741 1896 1381 1821 1686 1459 1151 1932 1497 1621 1906 1037 1828 1414 1708 1122 1999 1270 1496 1473 1898 1728 BCNSPRNW ULIB Ver.6.0+V

เปลี่ยนเป็นภาษาไทย

Change to English
 แสดงรายละเอียดบรรณานุกรม
  กลับหน้าหลัก

Brief Record : Get Marc (ISO 2709) : E-mail record : QR code < ปิดหน้าต่าง
LEADER : 00000nam 2200000uu 4500
001    13399128786
003     ULIB
008    240913s2566||||th 000 0 tha d
020    ^a9789740342403
060 04 ^aWU230^bป622ศ
100 0  ^aปิยาณี พาณิชย์วิสัย
245 10 ^aศาสตร์การรักษาคลองรากฟัน /^cปิยาณี พาณิชย์วิสัย
250    ^aพิมพ์ครั้งที่ 2
260    ^aกรุงเทพฯ :^bสำนักพิมพ์แห่งจุฬาลงกรณ์มหาวิทยาลัย,^c2566
300    ^a498 หน้า :^bภาพประกอบ ;^c26 ซม.
504    ^aมีบรรณานุกรมและดัชนี
650  4 ^aคลองรากฟัน
650  4 ^aคลองรากฟัน, การรักษา
945    ^p650^l0^i010777
945    ^p650^l0^i010778
945    ^p650^l0^i010779
999    ^aประนอม เกษจรัล
รายการนี้ยังไม่มีแท็ก
คุณยังไม่ได้ล็อกอิน คุณสามารถมีกิจกรรมร่วมกับเว็บไซต์ได้ แต่ต้องล็อกอินก่อน ::
  ล็อกอิน

รายการสื่อสารสนเทศ

ลำดับที่ ประเภท เลขเรียก/บาร์โค้ด สถานที่ สถานะ
1. วิทยาศาสตร์การแพทย์ และสุขภาพ
หนังสือสำรอง
สถานะ=หนังสือสำรอง
WU230 ป622ศ ฉ.1 
  Barcode: 010777
ห้องสมุดวิทยาเขตสวรรค์ประชารักษ์
►หนังสือทั่วไป
บนชั้น
2. วิทยาศาสตร์การแพทย์ และสุขภาพ
วิทยาศาสตร์การแพทย์ และสุขภาพ
WU230 ป622ศ ฉ.2 
  Barcode: 010778
ห้องสมุดวิทยาเขตสวรรค์ประชารักษ์
►หนังสือทั่วไป
บนชั้น
3. วิทยาศาสตร์การแพทย์ และสุขภาพ
วิทยาศาสตร์การแพทย์ และสุขภาพ
WU230 ป622ศ ฉ.3 
  Barcode: 010779
ห้องสมุดวิทยาเขตสวรรค์ประชารักษ์
►หนังสือทั่วไป
บนชั้น

รายการใกล้เคียง
    ผู้แต่ง [ปิยาณี พาณิชย์วิสัย]

    หัวเรื่อง [คลองรากฟัน]
    หัวเรื่อง [คลองรากฟัน, การรักษา]

BibComment


ยังไม่เคยถูกคอมเมนท์

คอมเมนท์ทรัพยากรรายการนี้
  คอมเมนท์: ศาสตร์การรักษาคล..


 Copyright 2026. Bcnsprnw @Library